01287nam a2200157 a 4500008004100000020001500041041000800056100002100064245006100085250008200146260003400228300001100262500009600273505074800369655001201117161215e1988 ag |||g |||| 001 j spa d a9501002020 aspa1 aQuiroga, Horacio aCuentos de amor de locura y de muerte /cHoracio Quiroga a3a ed.bEstudio preliminar, notas y vocabulario Teresita Frugoni de Fritzsche aBuenos Aires:bHuemul;c1988. a261 p. aQuiroga, H. (1988). Cuentos de amor de locura y de muerte. (3a ed.). Buenos Aires : Huemul. aCuentos de amor de locura y de muerte, escrito así por el autor, sin comas, muestra que tales fuerzas se conjugan en un todo indisoluble que actúa desde y sobre el hombre. Las tres fuerzas adquieren a menudo rasgos extraños o ligados a la desmesura: el amor se aparta de lo normal, la locura lleva su dosis de morbosidad y horror y la inexorable muerte es incontrolable, misteriosa y terrible. Pero lo profundamente original de Quiroga en el tratamiento de estos temas es la admirable sobriedad y concisión con que pinta el conflicto hombre-medio. La naturaleza no aparece como puro paisaje en ningún caso, y su descripción jamás carece de funcionalidad. De ahí la sensación de vida que todos los textos causan en el lector.  aCuentos